Educación sexual para adolescentes /
Guardado en:
| Autor Principal: | |
|---|---|
| Formato: | Libro |
| Publicado: |
Argentina :
Hormé-paidós,
1984
|
| Edición: | 5a. ed. |
| Series: | ( Educación sexual, 3)
|
| Materias: | |
| Etiquetas: |
Agregar Etiqueta
Sin Etiquetas, Sea el primero en etiquetar este registro!
|
| LEADER | 00813nam a22002535a 4500 | ||
|---|---|---|---|
| 001 | CEM.cems003500 | ||
| 005 | 19000101000000.0 | ||
| 008 | 130507s1984##################000#0#####d | ||
| 003 | CEMS | ||
| 082 | 0 | 4 | |a 371.76 |
| 100 | 1 | |a Johnson, Eric W. | |
| 245 | 1 | 0 | |a Educación sexual para adolescentes / |c Eric W. Johnson |
| 250 | |a 5a. ed. | ||
| 260 | |a Argentina : |b Hormé-paidós, |c 1984 | ||
| 300 | |a 96 p. | ||
| 490 | 0 | |a ( Educación sexual, 3) | |
| 653 | |a Adolescencia-sexualidad | ||
| 653 | |a Educacion | ||
| 653 | |a Educacion secundaria | ||
| 653 | |a Educacion sexual | ||
| 653 | |a Sexualidad | ||
| 859 | |a CEMS |b BIB. CEMS - 11 de abril |h 371.76 |i J631a5 |p 13682.85 |t Ej.1 | ||
| 859 | |a CEMS |b BIB. CEMS - 11 de abril |h 371.76 |i J631a5 |p 15839.90 |t Ej.2 | ||
| 859 | |a CEMS |b BIB. CEMS - 11 de abril |h 371.76 |i J631a5 |p 15840.90 |t Ej.3 | ||
